Kpop Song Named Firework - Statistics

General Stats
  • This quiz has been taken 50 times
  • The average score is 2 of 10
Answers on the Grid
Answers color-coded by a green-red scale on the quiz's grid according to % correct below.
ZEROBASEONE
ILLIT
ATEEZ
PLAVE
TWICE
CIX
&TEAM
NU’EST
TXT
GIRLS GENERATION
GOT7
KARD
CRAVITY
ONEWE
ASTRO
DKB
BOYNEXTDOOR
AIMERS
 
Answer Stats
Answer % Correct
ATEEZ
74%
&TEAM
37%
TWICE
32%
ASTRO
26%
ZEROBASEONE
26%
GOT7
21%
KARD
21%
AIMERS
5%
NU’EST
5%
DKB
0%
No matching quizzes found
Score Distribution
Percent of People with Each Score
Percentile by Number Answered
Your Score History
You have not taken this quiz